| 000 | 00562nam a22002177a 4500 | ||
|---|---|---|---|
| 003 | OSt | ||
| 005 | 20210426110841.0 | ||
| 008 | 210127s1975 ||||| |||| 00| 0 eng d | ||
| 020 | _a399116699 | ||
| 040 |
_aeng _beng _cDLC |
||
| 041 | _aeng | ||
| 080 |
_a92 _bM-50 |
||
| 100 |
_9691 _aMeir, Golda |
||
| 245 |
_aMy Life _b: by Golda Meir _c/ by: G. P. Putnam's Sons |
||
| 250 | _a1st edition | ||
| 260 |
_aNew York _bG. P. Putnam's Sons _c1975 |
||
| 300 |
_a480 p. _bill. |
||
| 650 | 0 |
_9237 _aBiography |
|
| 653 | _aბიოგრაფია | ||
| 942 |
_2udc _cBK _e2 |
||
| 999 |
_c948 _d948 |
||